Oxford Handbook of the Ends of Empire (Record no. 1309335)
[ view plain ]
| 000 -LEADER | |
|---|---|
| fixed length control field | 03218cam a2200457 i 4500 |
| 001 - CONTROL NUMBER | |
| control field | 20598346 |
| 005 - DATE AND TIME OF LATEST TRANSACTION | |
| control field | 20250613110526.0 |
| 008 - FIXED-LENGTH DATA ELEMENTS--GENERAL INFORMATION | |
| fixed length control field | 180724t20182018enk b 001 0 eng d |
| 010 ## - LIBRARY OF CONGRESS CONTROL NUMBER | |
| LC control number | 2018952783 |
| 016 7# - NATIONAL BIBLIOGRAPHIC AGENCY CONTROL NUMBER | |
| Record control number | 019131158 |
| Source | Uk |
| 020 ## - INTERNATIONAL STANDARD BOOK NUMBER | |
| International Standard Book Number | 0198713193 |
| 020 ## - INTERNATIONAL STANDARD BOOK NUMBER | |
| International Standard Book Number | 9780198713197 |
| 035 ## - SYSTEM CONTROL NUMBER | |
| System control number | (OCoLC)on1042350725 |
| 037 ## - SOURCE OF ACQUISITION | |
| Terms of availability | REF |
| 040 ## - CATALOGING SOURCE | |
| Original cataloging agency | CRL |
| Language of cataloging | eng |
| Transcribing agency | CRL |
| Description conventions | rda |
| Modifying agency | CRL |
| -- | CRL |
| 041 ## - LANGUAGE CODE | |
| Source of code | eng |
| Language code of text/sound track or separate title | eng |
| 042 ## - AUTHENTICATION CODE | |
| Authentication code | lccopycat |
| 050 00 - LIBRARY OF CONGRESS CALL NUMBER | |
| Classification number | JV151 |
| Item number | .O94 2018 |
| 084 ## - COLON CLASSIFICATION NUMBER | |
| Classification number | V1g Q8 |
| Assigning agency | CRL |
| 245 04 - TITLE STATEMENT | |
| Title | Oxford Handbook of the Ends of Empire |
| 250 ## - EDITION STATEMENT | |
| Edition statement | First edition. |
| 260 ## - PUBLICATION, DISTRIBUTION, ETC. | |
| Place of publication, distribution, etc. | Oxford, UK: |
| Name of publisher, distributor, etc. | Oxford University Press, |
| Date of publication, distribution, etc. | 2018. |
| 264 #4 - PRODUCTION, PUBLICATION, DISTRIBUTION, MANUFACTURE, AND COPYRIGHT NOTICE | |
| Date of production, publication, distribution, manufacture, or copyright notice | ©2018. |
| 300 ## - PHYSICAL DESCRIPTION | |
| Extent | xiii, 775p.; |
| Dimensions | 25cm. |
| 336 ## - CONTENT TYPE | |
| Content type term | text |
| Content type code | txt |
| Source | rdacontent |
| 337 ## - MEDIA TYPE | |
| Media type term | unmediated |
| Media type code | n |
| Source | rdamedia |
| 338 ## - CARRIER TYPE | |
| Carrier type term | volume |
| Carrier type code | nc |
| Source | rdacarrier |
| 365 ## - TRADE PRICE | |
| Price amount | 40.00 |
| Currency code | UKP |
| 490 0# - SERIES STATEMENT | |
| Series statement | Oxford handbooks |
| 504 ## - BIBLIOGRAPHY, ETC. NOTE | |
| Bibliography, etc. note | Includes bibliographical references and index. |
| 520 8# - SUMMARY, ETC. | |
| Summary, etc. | The Oxford Handbook of the Ends of Empire offers the most comprehensive treatment of the causes, course, and consequences of the ends of empire in the twentieth century. The volume's contributors convey the global reach of decolonization, with chapters analysing the empires of Western Europe, Eastern Europe, China and Japan. The Handbook combines broad, regional treatments of decolonization with chapter contributions constructed around particular themes or social issues. It considers how the history of decolonization is being rethought as a result of the rise of the 'new' imperial history, and its emphasis on race, gender, and culture, as well as the more recent growth of interest in histories of globalization, transnational history, and histories of migration and diaspora, humanitarianism and development,0and human rights. The Handbook, in other words, seeks to identify the processes and commonalities of experience that make decolonization a unique historical phenomenon with a lasting resonance. In light of decades of historical and social scientific scholarship on modernization, dependency, neo-colonialism, 'failed state' architectures and post-colonial conflict, the obvious question that begs itself is 'when did empires actually end?' In seeking to unravel this most basic dilemma the Handbook explores the relationship between the study of decolonization and the study of globalization. It connects histories of the late-colonial and post-colonial worlds, and considers the legacies of empire in European and formerly colonised societies. |
| 650 #0 - SUBJECT ADDED ENTRY--TOPICAL TERM | |
| Topical term or geographic name entry element | Decolonization |
| General subdivision | History |
| Chronological subdivision | 20th century. |
| 9 (RLIN) | 752842 |
| 650 #0 - SUBJECT ADDED ENTRY--TOPICAL TERM | |
| Topical term or geographic name entry element | Imperialism |
| General subdivision | History |
| Chronological subdivision | 20th century. |
| 9 (RLIN) | 752843 |
| 650 #0 - SUBJECT ADDED ENTRY--TOPICAL TERM | |
| Topical term or geographic name entry element | World politics |
| Chronological subdivision | 20th century. |
| 9 (RLIN) | 752844 |
| 700 1# - ADDED ENTRY--PERSONAL NAME | |
| Personal name | Thomas, Martin |
| Dates associated with a name | 1964- |
| Relator term | editor. |
| 9 (RLIN) | 752845 |
| 700 1# - ADDED ENTRY--PERSONAL NAME | |
| Personal name | Thompson, Andrew S. |
| Fuller form of name | (Andrew Stuart) |
| Dates associated with a name | 1968- |
| Relator term | editor. |
| 9 (RLIN) | 752846 |
| 906 ## - LOCAL DATA ELEMENT F, LDF (RLIN) | |
| a | 7 |
| b | cbc |
| c | copycat |
| d | 2 |
| e | ncip |
| f | 20 |
| g | y-gencatlg |
| 942 ## - ADDED ENTRY ELEMENTS (KOHA) | |
| Source of classification or shelving scheme | Colon Classification (CC) |
| Koha item type | Reference |
| Classification part | V1g Q8 |
| Suppress in OPAC | No |
| Withdrawn status | Lost status | Source of classification or shelving scheme | Damaged status | Not for loan | Home library | Current library | Date acquired | Source of acquisition | Cost, normal purchase price | Inventory number | Total Checkouts | Full call number | Barcode | Date last seen | Price effective from | Koha item type |
|---|---|---|---|---|---|---|---|---|---|---|---|---|---|---|---|---|
| Colon Classification (CC) | Central Library | Central Library | 2025-04-24 | Elite Publishers Distributors | 40.00 | 14995 & 2024-12-03 | V1g Q8 | CL1681705 | 2025-04-24 | 2025-04-24 | Reference |
